Metodología de reciclaje de desechos electrónicos
Sábháilte in:
| Príomhchruthaitheoir: | |
|---|---|
| Formáid: | LEABHAR |
| Foilsithe / Cruthaithe: |
San José, Costa Rica
2008
|
| Ábhair: | |
| Clibeanna: |
Cuir clib leis
Níl clibeanna ann, Bí ar an gcéad duine le clib a chur leis an taifead seo!
|
MARC
| LEADER | 00000nam a2200000Ia 4500 | ||
|---|---|---|---|
| 003 | 001116 | ||
| 005 | 20221231144100.0 | ||
| 008 | 140114s2008 cr a 000 ||s d | ||
| 040 | |c cru CEDI | ||
| 090 | |a TFG 5641 | ||
| 100 | |a Agüero Porras, José |9 4373 | ||
| 245 | |a Metodología de reciclaje de desechos electrónicos | ||
| 260 | |c 2008 |b San José, Costa Rica | ||
| 300 | |a 93, [26] hojas; ilustraciones a color | ||
| 500 | |a Tesis (licenciatura en ingeniería civil)--Universidad de Costa Rica. Facultad de Ingeniería. Escuela de Ingeniería Civil | ||
| 650 | |x RESIDUOS ELECTRONICOS DE APARATOS Y EQUIPOS |x APROVECHAMIENTO DE RESIDUOS |x RESIDUOS PELIGROSOS |x ADMINISTRACION |x CONTROL |x ASPECTOS AMBIENTALES |x CONTROL AMBIENTAL |x COSTA RICA |9 4374 | ||
| 942 | |c TFG | ||
| 999 | |c 16620 |d 16620 | ||
